000 00335 a2200157 4500
001 177727
020 _a
040 _cMagnum
100 _aPonte, Maria Menendez
240 1 0 _aA noite de reis
_lpor
245 1 0 _aA noite de reis
362 0 _a1899
440 1 _aPaulinas
697 _aMAGNITO: I/AVENTURA, CRIANCAS
942 _cBK
999 _c177727
_d177727